Partnerské horoskopy, alebo, Láska a sex podľa hviezd

Hľadáte skutočnú lásku? Máte partnera a nie ste si istí, že je ten pravý? Prečo sú obľúbení partneri narodení v znamení Raka a prečo sú ťažkosti s Kozorožcom? Ak hľadáte odpovede na tieto otázky, pomôže vám astrologický sprievodca, ktorý ukazuje nielen klady, ale aj možné úskalia spojení jednotlivýc...

Celý popis

Podrobná bibliografia
Hlavný autor: Mandžuková, Jarmila, 1959- (Autor)
Médium: Braillovo písmo Kniha
Jazyk:slovenčina
čeština
Fyzický popis:4 zv. v Braillovom písme 26 x 32 cm
Vydavateľské údaje: Levoča Slovenská knižnica pre nevidiacich Mateja Hrebendu 2014
ISBN:9788018030936
Predmet:

MARC

LEADER 00000cam a2200000 a 4500
001 vtls010643956
003 SK-MaSNL
005 20260301044134.0
007 fb a un a
008 240318s2014 xo ff 000 0 slo
015 |a SNBK2015 
020 |a 9788018030936  |q (brož.) 
040 |a SNK  |b slo  |c SNK  |e AACR2 
041 1 |a slo  |h cze 
044 |a xo  |c SK 
072 7 |a 133  |x Ezoterizmus. Okultizmus  |2 konspekt 
080 |a 133.526  |2 2001 
080 |a 316.472.42  |2 2001 
080 |a (0.062)  |2 2001 
080 |a (0:003.24)  |2 2001 
100 1 |a Mandžuková, Jarmila,  |d 1959-  |4 aut  |9 111713 
245 1 0 |a Partnerské horoskopy, alebo, Láska a sex podľa hviezd  |h Braillovo písmo  |c Jarmila Mandžuková ; [korektor: Ingrida Richterová] 
246 3 0 |a Láska a sex podľa hviezd 
260 |a Levoča  |b Slovenská knižnica pre nevidiacich Mateja Hrebendu  |c 2014 
300 |a 4 zv. v Braillovom písme  |c 26 x 32 cm 
520 8 |a Hľadáte skutočnú lásku? Máte partnera a nie ste si istí, že je ten pravý? Prečo sú obľúbení partneri narodení v znamení Raka a prečo sú ťažkosti s Kozorožcom? Ak hľadáte odpovede na tieto otázky, pomôže vám astrologický sprievodca, ktorý ukazuje nielen klady, ale aj možné úskalia spojení jednotlivých znamení zverokruhu 
534 |a Bratislava  |b Príroda  |c 2012 
650 0 7 |a horoskopy  |2 SNKPH  |9 2079 
650 0 7 |a partnerské vzťahy  |2 SNKPH  |9 2250 
655 7 |a publikácie pre nevidiacich  |2 SNKPH  |9 70695 
655 7 |a publikácie v Braillovom písme  |2 SNKPH  |9 222610 
655 7 |a populárno-náučné publikácie  |2 SNKPH  |9 70460 
700 1 |a Richterová, Ingrida  |4 pfr  |9 303020 
787 0 8 |i podľa knihy:  |t Partnerské horoskopy, alebo, Láska a sex podľa hviezd  |z 978-80-07-02105-1 
919 |a 978-80-18-03093-6 
958 |a OP 
958 |a SX 
968 |b ČES 
999 |c 595293  |d 597223 
952 |a SNK  |b SNK  |y PREZ  |7 0  |p 17A1142691  |o snkOSB 17902/1  |i snk2015/10943  |8 0  |0 0  |1 0  |4 0  |d 2015-03-30  |l 0  |r 2026-02-23 15:37:01  |w 2026-02-23 
952 |a SNK  |b SNK  |y PREZ  |7 0  |p 17A1142692  |o snkOSB 17902/2  |i snk2015/10944  |8 0  |0 0  |1 0  |4 0  |d 2015-03-30  |l 0  |r 2026-02-23 15:37:01  |w 2026-02-23 
952 |a SNK  |b SNK  |y PREZ  |7 0  |p 17A1142693  |o snkOSB 17902/3  |i snk2015/10948  |8 0  |0 0  |1 0  |4 0  |d 2015-03-30  |l 0  |r 2026-02-23 15:37:01  |w 2026-02-23 
952 |a SNK  |b SNK  |y PREZ  |7 0  |p 17A1142694  |o snkOSB 17902/4  |i snk2015/10950  |8 0  |0 0  |1 0  |4 0  |d 2015-03-30  |l 0  |r 2026-02-23 15:37:01  |w 2026-02-23